Statistics for Ten Letter Words A-Z - #2

Click here to take the quiz!

General Stats

  • This quiz has been taken 30 times
  • The average score is 14 of 26

Answer Stats

clueword% Correct
Haircraft that flies using rotor bladeshelicopter
92%
E"_______, my dear Watson"elementary
88%
Wa bird called Woodywoodpecker
88%
Lpublic, coin-operated, laundrylaundromat
80%
Canimals and soldiers use this to hide themselvescamouflage
76%
Oopposite of orientaloccidental
72%
BLithuania's national sportbasketball
68%
Qone of 5 children from 1 pregnancyquintuplet
68%
Kas its name suggests, a bird that feeds by
diving for fish
kingfisher
64%
Rnationwide vote on a political questionreferendum
64%
Tfamous Mormon choirTabernacle
64%
Jportable drill for breaking up concrete, etcjackhammer
60%
Sextended period of leave from worksabbatical
60%
Ucomprehend; make sense ofunderstand
60%
Xfear of foreignersxenophobia
60%
Fsynthetic material that boat hulls and car bodies are made fromfibreglass
56%
Ncoolly casual and unconcernednonchalant
52%
Vall the plants in an areavegetation
52%
Ddivers must do this or they'll get the bendsdecompress
44%
Pcarrier of a coffin at a funeralpallbearer
36%
Ifaultless, flawlessimpeccable
32%
Aact as a judge in a competitionadjudicate
28%
Gwhat a poacher becomesgamekeeper
24%
Mvery small country, eg Monacomicrostate
20%
Zeggwhite and Marsala-based Italian dessertzabaglione
20%
YUS blackberry variety{young}berry
8%

Score Distribution

Percentile by Number Answered

Percent of People with Each Score

Your Score History

You have not taken this quiz